Les plus gros transferts du football - Footballeurs tchèques - Statistiques

Statistiques générales
  • Ce quiz a été pris 61 fois
  • Le résultat moyen est 6 sur 10
Statistiques - réponses
Montant de transfert (M €) Saison Venant de Allant à Joueur % Correct
45,00 2001-2002 Lazio Rome Juventus Turin Pavel Nedved
90%
42,00 2018-2019 Sampdoria AS Roma Patrik Schick
86%
26,50 2020-2021 AS Roma Bayer Leverkusen Patrik Schick
86%
14,00 2015-2016 Chelsea Arsenal Petr Cech
78%
13,00 2004-2005 Stade Rennais Chelsea Petr Cech
78%
16,20 2020-2021 Slavia Prague West Ham United Tomas Soucek
62%
14,50 2000-2001 Sparta Prague Borussia Dortmund Tomas Rosicky
36%
13,00 2022-2023 Sparta Prague Bayer Leverkusen Adam Hlozek
33%
14,00 2023-2024 Slavia Prague Benfica David Jurásek
12%
14,50 2019-2020 Udinese Sampdoria Jakub Jankto
2%
Aucun quiz correspondant
Distribution des résultats
% des personnes avec chaque résultat
Percentile par nombre de réponses
Votre historique - résultats
Vous n’avez pas pris ce quiz